| 000 | 00882nam a22002057a 4500 | ||
|---|---|---|---|
| 003 | OSt | ||
| 005 | 20170608093112.0 | ||
| 008 | 150408b2004 slv spa | ||
| 040 | _cBMC | ||
| 082 | _a621.39 | ||
| 100 | 1 |
_939451 _aIraheta Flores, Ana Margarita |
|
| 245 | 1 | 0 |
_aPasantía en Institución misionera y educacional Bautista de El Salvador, Colegio Bautista Santa Ana _b: Informe final _cAna Margarita Iraheta Flores |
| 260 |
_aSanta Ana (El Salvador) _bUniversidad Católica de Occidente _c2004 |
||
| 300 |
_a35 h. _c27 cm |
||
| 500 | _aPrecede al tít.: Universidad Católica de Occidente, Facultad de Ingeniería y Arquitectura | ||
| 502 | _aPara optar al título de Ingeniera en Sistemas Informáticos | ||
| 650 | 2 | 4 |
_924722 _aIngeniería de sistemas |
| 710 | 2 |
_91166 _aUniversidad Católica de El Salvador _bFacultad de Ingeniería y Arquitectura |
|
| 942 |
_2ddc _cTG |
||
| 999 |
_c25539 _d25539 |
||